[Event "Minsk"]
[Site "Minsk"]
[Date "1993.??.??"]
[Round "?"]
[White "Zaitsev, Igor A"]
[Black "Dydyshko, Viacheslav"]
[Result "1-0"]
[WhiteElo "2450"]
[BlackElo "2490"]
[PlyCount "81"]
[EventDate "1993.03.??"]
[EventType "tourn"]
[EventRounds "11"]
[EventCountry "BLR"]
[EventCategory "9"]
[SourceTitle "CBM 036"]
[Source "ChessBase"]
[SourceDate "1993.10.01"]
[SourceVersion "1"]
[SourceVersionDate "1993.10.01"]
[SourceQuality "1"]

1. e4 c5 2. Nf3 d6 3. d4 cxd4 4. Nxd4 Nf6 5. Nc3 a6 6. Bg5 e6 7. Qf3 Nbd7 8.
Be2 Qc7 9. O-O b5 10. Rae1 Bb7 11. Qh3 Be7 12. Bg4 O-O-O 13. a3 h6 14. Be3 Nxg4
15. Qxg4 Ne5 16. Qh3 Kb8 17. Nb3 Rc8 18. Nd2 h5 19. f3 g5 20. Qg3 h4 21. Qf2 g4
22. fxg4 Nxg4 23. Qxf7 Nxe3 24. Rxe3 Qb6 25. Qf2 d5 26. Nb3 dxe4 27. Re2 Qxf2+
28. Rfxf2 Bd8 29. Kf1 Bb6 30. Rf6 Rhf8 31. Rxf8 Rxf8+ 32. Ke1 Bg1 33. Nxe4 Bxh2
34. Nbc5 Bc8 35. Rf2 Rxf2 36. Kxf2 Be5 37. c3 Bc7 38. Kf3 e5 39. Nf6 Ka7 40. b4
Be6 41. Nxe6 1-0

[Event "Moscow"]
[Site "Moscow"]
[Date "1994.??.??"]
[Round "7"]
[White "Lempert, Igor"]
[Black "Zaitsev, Igor A"]
[Result "0-1"]
[WhiteElo "2495"]
[BlackElo "2430"]
[PlyCount "142"]
[EventDate "1994.??.??"]
[EventType "tourn"]
[EventRounds "14"]
[EventCountry "RUS"]
[EventCategory "9"]
[SourceTitle "CBM 040"]
[Source "ChessBase"]
[SourceDate "1994.06.01"]
[SourceVersion "1"]
[SourceVersionDate "1994.06.01"]
[SourceQuality "1"]

1. d4 Nf6 2. c4 g6 3. Nc3 Bg7 4. e4 d6 5. f3 O-O 6. Be3 Nc6 7. Nge2 Rb8 8. h4
h5 9. Qd2 a6 10. Nd5 Nh7 11. O-O-O e6 12. Ndc3 b5 13. g4 b4 14. Nb1 hxg4 15.
fxg4 e5 16. d5 Na5 17. Ng3 Bxg4 18. h5 Bf6 19. Be2 Bxe2 20. Qxe2 Bg5 21. Nd2
Bxe3 22. Qxe3 Qg5 23. Qd3 b3 24. a3 Nb7 25. Rdg1 Nc5 26. Qe2 Kh8 27. Kb1 Qe7
28. hxg6 fxg6 29. Rh6 Rf7 30. Nf3 Rg8 31. Rgh1 Rgg7 32. Qe3 Rf4 33. Nh4 Qf7 34.
Ng2 Kg8 35. Nh4 Nxe4 36. Ne2 Rf1+ 37. Rxf1 Qxf1+ 38. Nc1 Qxc4 39. Nxb3 Qxd5 40.
Nxg6 Neg5 41. Nd2 Rf7 42. Rh2 Qe6 43. Nh4 Qg4 44. Ka1 Qf4 45. Qg1 e4 46. Ng6
Qf6 47. Nh4 d5 48. Rg2 c6 49. Qb6 Kg7 50. Rg4 Qf2 51. Qb4 c5 52. Qc3+ d4 53.
Qxc5 Qxd2 54. Qe5+ Kh6 55. Nf5+ Rxf5 56. Qxf5 Qc1+ 57. Ka2 Qc6 58. Rh4+ Kg7 59.
Qe5+ Qf6 60. Qc7+ Qf7+ 61. Qxf7+ Kxf7 62. b4 e3 63. Kb3 e2 64. Rh1 Nf3 65. Kc4
Ke6 66. Kd3 e1=Q 67. Rxe1+ Nxe1+ 68. Kxd4 Kd6 69. a4 Nc2+ 70. Kc4 Nxb4 71. Kxb4
Kc6 0-1

[Event "Orel"]
[Site "Orel"]
[Date "1994.??.??"]
[Round "7"]
[White "Legky, Nikolay A"]
[Black "Zaitsev, Igor A"]
[Result "0-1"]
[WhiteElo "2525"]
[BlackElo "2430"]
[PlyCount "100"]
[EventDate "1994.??.??"]
[EventType "tourn"]
[EventRounds "11"]
[EventCountry "RUS"]
[EventCategory "8"]
[SourceTitle "CBM 042"]
[Source "ChessBase"]
[SourceDate "1994.10.01"]
[SourceVersion "1"]
[SourceVersionDate "1994.10.01"]
[SourceQuality "1"]

1. d4 Nf6 2. Bg5 d6 3. Bxf6 exf6 4. e3 f5 5. c4 g6 6. Nc3 Bg7 7. g3 O-O 8. Bg2
c5 9. Nge2 Nc6 10. dxc5 Be6 11. b3 Qa5 12. Rc1 dxc5 13. Bxc6 bxc6 14. O-O f4
15. gxf4 Bh3 16. Re1 Rad8 17. Qc2 Bf5 18. e4 Bg4 19. Kg2 Bxe2 20. Rxe2 Bh6 21.
Rd1 Bxf4 22. h3 Rd4 23. Na4 Rfd8 24. Rxd4 cxd4 25. Qd3 Qg5+ 26. Kf1 Bh2 27. Re1
h5 28. Rd1 Qg1+ 29. Ke2 Qg5 30. Qf3 Qe7 31. Kf1 Qa3 32. e5 Bxe5 33. Qxc6 Qxa2
34. Nc5 Qc2 35. Rd3 Bg7 36. Qc7 Re8 37. Rf3 Qe2+ 38. Kg2 Re7 39. Qd8+ Re8 40.
Qd5 Qe7 41. Nd3 Qe6 42. Qc5 Qd7 43. Nf4 Re5 44. Nd5 h4 45. b4 Qd8 46. b5 Qg5+
47. Kh2 f5 48. Qb4 Re2 49. Qb1 Be5+ 50. Kh1 Qd2 0-1

[Event "Orel2"]
[Site "Orel"]
[Date "1994.??.??"]
[Round "4"]
[White "Solonar, Stefan"]
[Black "Zaitsev, Igor A"]
[Result "0-1"]
[WhiteElo "2400"]
[BlackElo "2460"]
[PlyCount "80"]
[EventDate "1994.??.??"]
[EventType "tourn"]
[EventRounds "9"]
[EventCountry "RUS"]
[EventCategory "8"]
[SourceTitle "EXT 1997"]
[Source "ChessBase"]
[SourceDate "1996.11.15"]
[SourceVersion "1"]
[SourceVersionDate "1996.11.15"]
[SourceQuality "1"]

1. c4 g6 2. e4 Bg7 3. d4 d6 4. Nc3 Nc6 5. Be3 e5 6. Nge2 Nh6 7. f3 f5 8. dxe5
Nxe5 9. Nd4 O-O 10. Qd2 Nef7 11. Be2 fxe4 12. Nxe4 Nf5 13. Nxf5 Bxf5 14. Nc3
Re8 15. g4 Be6 16. O-O Qh4 17. Bf2 Qh3 18. Nd5 Bxd5 19. cxd5 Be5 20. f4 Bxf4
21. Qxf4 Rxe2 22. Rac1 Ne5 23. Rc3 Qxg4+ 24. Qxg4 Nxg4 25. Rxc7 Rf8 26. Bd4
Rxf1+ 27. Kxf1 Rd2 28. Bc3 Nxh2+ 29. Ke1 Nf3+ 30. Kf1 Nh2+ 31. Ke1 Nf3+ 32. Kf1
Rc2 33. Rg7+ Kf8 34. Rxh7 g5 35. Rxb7 g4 36. Rxa7 g3 37. Ra8+ Kf7 38. Ra7+ Kf8
39. Ra8+ Ke7 40. Rg8 Rf2# 0-1

[Event "Orel2"]
[Site "Orel"]
[Date "1994.??.??"]
[Round "8"]
[White "Savon, Vladimir A"]
[Black "Zaitsev, Igor A"]
[Result "0-1"]
[WhiteElo "2425"]
[BlackElo "2460"]
[PlyCount "77"]
[EventDate "1994.??.??"]
[EventType "tourn"]
[EventRounds "9"]
[EventCountry "RUS"]
[EventCategory "8"]
[SourceTitle "EXT 1997"]
[Source "ChessBase"]
[SourceDate "1996.11.15"]
[SourceVersion "1"]
[SourceVersionDate "1996.11.15"]
[SourceQuality "1"]

1. Nf3 Nf6 2. g3 g6 3. b3 Bg7 4. Bb2 d6 5. d4 O-O 6. Bg2 Nc6 7. d5 Nb4 8. c4
Bf5 9. Nd4 Be4 10. Bxe4 Nxe4 11. a3 Na6 12. Qc2 Nf6 13. O-O Qd7 14. e4 e5 15.
dxe6 fxe6 16. Nc3 e5 17. Nde2 Nc5 18. Rad1 Rf7 19. Kg2 Ne6 20. Nd5 Ng5 21.
Nxf6+ Bxf6 22. Ng1 Raf8 23. b4 h5 24. Bc1 Ne6 25. h4 g5 26. hxg5 Bxg5 27. Nh3
Bxc1 28. Qxc1 Rg7 29. Rd3 Qf7 30. Qd1 Qg6 31. Re1 Rgf7 32. Qd2 Nd4 33. Ree3 c5
34. Qd1 Rg7 35. Rd2 h4 36. Rdd3 Kh8 37. Qh1 Rh7 38. Qd1 Rg8 39. g4 0-1

[Event "Ciocaltea Memorial"]
[Site "Bucharest"]
[Date "1994.??.??"]
[Round "6"]
[White "Zaitsev, Igor A"]
[Black "Grigore, George Gabriel"]
[Result "1-0"]
[WhiteElo "2430"]
[BlackElo "2455"]
[Annotator "Blatny,P"]
[PlyCount "69"]
[EventDate "1994.02.??"]
[EventType "tourn"]
[EventRounds "13"]
[EventCountry "ROU"]
[EventCategory "9"]
[SourceTitle "CBM 040"]
[Source "ChessBase"]
[SourceDate "1994.06.01"]
[SourceVersion "1"]
[SourceVersionDate "1994.06.01"]
[SourceQuality "1"]

1. e4 c6 2. Nc3 d5 3. Nf3 Bg4 4. Be2 e6 5. d4 Nf6 6. e5 Nfd7 7. Ng5 (7. h3 Bh5
(7... Bxf3 8. Bxf3 c5 9. Ne2 {/\c3})) 7... Bxe2 8. Nxe2 (8. Qxe2 Bb4 $10 (8...
c5 $2 9. Qf3 Qe7 10. Nb5 $18)) 8... Be7 (8... c5 9. c3 Nc6 {[+]}) 9. f4 (9. Nf3
c5 10. c3 Nc6 $10) (9. Nh3 $6 c5 10. c3 {פh3}) 9... c5 10. c3 (10. Nf3 Nc6 11.
O-O $13) 10... Bxg5 11. fxg5 cxd4 (11... Nc6 $5) 12. cxd4 Qb6 13. a4 {/\R<->3}
(13. O-O $2 Nxe5 $19) 13... a5 (13... Nc6 14. Ra3 Rc8 15. Rb3 Qc7 16. O-O $36 {
<->f}) 14. Ra3 Nc6 15. Rb3 Nb4 (15... Qc7 16. O-O {בf,בb}) 16. Bf4 {/\0-0}
Rc8 17. O-O Rc4 18. Kh1 O-O 19. Rh3 Rfc8 20. Nc3 (20. Bd2 $5 Nc2 $6 (20... Rc2
21. Bc3 (21. Rhf3 Rxb2 (21... Rf8 $4 22. Bxb4 $18) 22. Rxf7 Qd8 $13) 21... Qa6
22. Re3) 21. Bc3 Nb4 $8 22. Nf4 $40) 20... Qxd4 $2 (20... Nf8 $142 $14) 21. Qh5
Nf8 $8 22. Be3 $1 {קf7} g6 $8 23. Qf3 Qxe5 24. Qxf7+ Kh8 25. Qe7 $18 Qg7 26.
Rf7 Nc6 27. Rxg7 (27. Qxb7 $142 $1 Qg8 (27... Nd8 $2 28. Rxf8+ Qxf8 29. Qxh7#)
28. Qxc8 Qxf7 29. Rf3 Ne5 30. Qxf8+ Qxf8 31. Rxf8+ Kg7 32. Rf4 $18) 27... Nxe7
28. Rxe7 d4 (28... Kg8 29. Rxb7 Rb4 (29... d4 30. Ne4 Rc1+ 31. Bg1 $18) 30. Ra7
$1 (30. Rxb4 axb4 31. Na2 b3 32. Nc1 (32. Nc3 $4 Rxc3) 32... d4 33. Bd2 Rc2 34.
Rd3 e5 $132 {+/-/+- _|_}) 30... Rxb2 (30... d4 31. Ne4 h5 $8 (31... dxe3 $4 32.
Nf6+ Kh8 33. Rhxh7+) 32. Nf6+ Kh8 33. Rxh5+ $3 gxh5 34. g6 {/\g7#} Nxg6 35.
Rh7#) 31. Bd4 e5 $8 32. Nxd5 $1 (32. Bxe5 $4 Rb1+ 33. Nxb1 Rc1#) 32... Rc1+ 33.
Bg1 h5 34. Nf6+ Kh8 35. Rxh5+ $3 gxh5 36. g6 Rxg1+ 37. Kxg1 Rb1+ 38. Kf2 Rb2+
39. Kf3 e4+ 40. Kxe4 Rxg2 41. Rf7 Rxg6 42. Kf5 $1 Rh6 43. Kg5 $1 Rg6+ 44. Kxh5
$18) 29. Bf4 R4c5 30. Ne2 Rf5 31. g4 Rd5 32. Rd3 Kg8 (32... Rc2) 33. Rxd4 Rxd4
34. Nxd4 Rc4 35. Be5 1-0

[Event "St Petersburg op2"]
[Site "St Petersburg"]
[Date "1994.??.??"]
[Round "6"]
[White "Zaitsev, Igor A"]
[Black "Frolov, Denis"]
[Result "1-0"]
[WhiteElo "2460"]
[BlackElo "2365"]
[PlyCount "139"]
[EventDate "1994.10.??"]
[EventType "swiss"]
[EventRounds "9"]
[EventCountry "RUS"]
[SourceTitle "CBM 043 Extra"]
[Source "ChessBase"]
[SourceDate "1995.01.01"]
[SourceVersion "1"]
[SourceVersionDate "1995.01.01"]
[SourceQuality "1"]

1. e4 e5 2. Nf3 Nc6 3. Bb5 a6 4. Ba4 Nf6 5. O-O Be7 6. Re1 b5 7. Bb3 O-O 8. d4
Nxd4 9. Bxf7+ Rxf7 10. Nxe5 Rf8 11. Qxd4 c5 12. Qd1 Qc7 13. Ng4 Bb7 14. Nc3
Nxg4 15. Qxg4 Rf6 16. Bg5 Rg6 17. Bf4 d6 18. Qh5 Rf8 19. Nd5 Bxd5 20. Qxd5+ Kh8
21. Bg3 Rg5 22. Qd2 Qc8 23. Rad1 Qe6 24. b3 h5 25. f3 Qf7 26. Rf1 Qe6 27. Kh1
Rd8 28. Bf4 Rg6 29. Qd5 Qf6 30. Qxh5+ Kg8 31. Qd5+ Kh7 32. Qh5+ Kg8 33. Be3 Rf8
34. c4 b4 35. Rd5 Qe6 36. Rf5 Rgf6 37. Rxf6 Qxf6 38. Qd5+ Kh8 39. h3 Qb2 40.
Qd2 Qf6 41. Bg1 Qg6 42. Bh2 Rf6 43. Qd5 Qe8 44. f4 a5 45. f5 Qh5 46. Rf3 Qh4
47. Bg3 Qg5 48. Bf4 Qh4 49. Qd2 Rf8 50. Qf2 Qf6 51. Rd3 Qa1+ 52. Kh2 Qf6 53.
Qg3 Rd8 54. Qg4 Qb2 55. Rd2 Qc3 56. Qf3 Qa1 57. Qd1 Qf6 58. Rd3 Kg8 59. Rg3 Qb2
60. Qd2 Qa1 61. Bg5 Bf6 62. Bxf6 Qxf6 63. Qd5+ Kf8 64. Rg6 Qh4 65. g3 Qh5 66.
Qd3 Kg8 67. Kg2 a4 68. bxa4 d5 69. exd5 Ra8 70. Qf3 1-0

[Event "Moscow1"]
[Site "Moscow"]
[Date "1995.??.??"]
[Round "?"]
[White "Zaitsev, Igor A"]
[Black "Dokutchaev, Aleksander"]
[Result "1-0"]
[WhiteElo "2455"]
[BlackElo "2395"]
[PlyCount "67"]
[EventDate "1995.01.??"]
[EventType "tourn"]
[EventRounds "9"]
[EventCountry "RUS"]
[EventCategory "9"]
[SourceTitle "CBM 046 Extra"]
[Source "ChessBase"]
[SourceDate "1995.07.01"]
[SourceVersion "1"]
[SourceVersionDate "1995.07.01"]
[SourceQuality "1"]

1. e4 e6 2. d4 d5 3. Nc3 dxe4 4. Nxe4 Nd7 5. Nf3 Ngf6 6. Nxf6+ Nxf6 7. Bg5 h6
8. Bxf6 Qxf6 9. Bb5+ c6 10. Bd3 Bd7 11. Qe2 c5 12. Qe4 cxd4 13. Qxb7 Rd8 14.
O-O Bd6 15. Bb5 Qe7 16. Nxd4 Rb8 17. Qxd7+ Qxd7 18. Bxd7+ Kxd7 19. b3 Rhc8 20.
Rad1 Rc3 21. Rfe1 a6 22. g3 Rbc8 23. Rd2 R8c5 24. Re3 Rxe3 25. fxe3 g6 26. c4
h5 27. Nc2 Kc7 28. Nb4 Ra5 29. Nd3 h4 30. gxh4 Rh5 31. Rf2 f5 32. Rg2 Rh7 33.
c5 Bf8 34. Rxg6 1-0

[Event "Moscow3"]
[Site "Moscow"]
[Date "1995.??.??"]
[Round "?"]
[White "Bezman, Vadim"]
[Black "Zaitsev, Igor A"]
[Result "0-1"]
[WhiteElo "2385"]
[BlackElo "2455"]
[PlyCount "78"]
[EventDate "1995.04.??"]
[EventType "tourn"]
[EventRounds "11"]
[EventCountry "RUS"]
[EventCategory "8"]
[SourceTitle "CBM 047 Extra"]
[Source "ChessBase"]
[SourceDate "1995.09.01"]
[SourceVersion "1"]
[SourceVersionDate "1995.09.01"]
[SourceQuality "1"]

1. c4 e5 2. Nc3 Nc6 3. Nf3 Nf6 4. e4 d6 5. d4 Bg4 6. d5 Nd4 7. Be3 Bxf3 8. gxf3
Be7 9. Rg1 O-O 10. Bxd4 exd4 11. Qxd4 Nh5 12. Ne2 g6 13. f4 Bf6 14. Qd2 Bg7 15.
Rg5 Re8 16. Bg2 Bh6 17. Rxh5 gxh5 18. Ng3 Qf6 19. Nxh5 Qg6 20. Ng3 Qg4 21. Kf1
Bxf4 22. Qd3 Kh8 23. Qf3 Qg5 24. Rd1 Re5 25. Bh3 Rg8 26. Bf5 Re7 27. Ke2 Be5
28. b3 Rge8 29. Nh5 Rg8 30. Ng3 c6 31. Rd3 Qh4 32. Rd1 Rg5 33. dxc6 bxc6 34. c5
d5 35. Kf1 Qxh2 36. exd5 Bxg3 37. dxc6 Rxf5 38. Rd8+ Kg7 39. Qg4+ Kh6 0-1

[Event "Moscow3"]
[Site "Moscow"]
[Date "1995.??.??"]
[Round "?"]
[White "Janovsky, Sergey"]
[Black "Zaitsev, Igor A"]
[Result "0-1"]
[WhiteElo "2450"]
[BlackElo "2455"]
[PlyCount "124"]
[EventDate "1995.04.??"]
[EventType "tourn"]
[EventRounds "11"]
[EventCountry "RUS"]
[EventCategory "8"]
[SourceTitle "CBM 047 Extra"]
[Source "ChessBase"]
[SourceDate "1995.09.01"]
[SourceVersion "1"]
[SourceVersionDate "1995.09.01"]
[SourceQuality "1"]

1. e4 e5 2. Nf3 Nc6 3. Bb5 a6 4. Bxc6 dxc6 5. Nc3 Bc5 6. d3 Qe7 7. Be3 Nf6 8.
Bxc5 Qxc5 9. O-O Bg4 10. Qe2 Nd7 11. Qe3 Bxf3 12. Qxf3 Nf8 13. Rfc1 Ne6 14. Ne2
O-O 15. Qf5 a5 16. g3 Rad8 17. Qf3 g6 18. Qe3 Qd6 19. Rf1 Rde8 20. Rae1 f5 21.
f4 fxe4 22. dxe4 Qc5 23. Qxc5 Nxc5 24. Nc3 exf4 25. gxf4 Ne6 26. Ne2 Re7 27.
Rf2 Rd7 28. f5 Ng5 29. Nf4 Re7 30. Ne6 Nxe6 31. fxe6 Rxe6 32. Rxf8+ Kxf8 33.
Kf2 Re5 34. Ke3 Ke7 35. Re2 Rh5 36. Kf4 Ke6 37. Rd2 b5 38. Rg2 b4 39. Kg4 Rc5
40. h3 a4 41. Kf4 Rh5 42. Rg3 Rh4+ 43. Ke3 Ke5 44. Rg5+ Kd6 45. Rg3 Ke5 46.
Rg5+ Ke6 47. Rg3 c5 48. Kf3 Kf6 49. Ke3 g5 50. Kd3 h6 51. a3 bxa3 52. bxa3 Ke5
53. Kc4 Rxe4+ 54. Kxc5 Kf4 55. Rc3 h5 56. Kb5 Re3 57. Rxc7 Rxa3 58. c3 Ra1 59.
Rc4+ Kf3 60. Rxa4 Rxa4 61. Kxa4 g4 62. hxg4 hxg4 0-1

[Event "Moscow3"]
[Site "Moscow"]
[Date "1995.??.??"]
[Round "?"]
[White "Zaitsev, Igor A"]
[Black "Naumkin, Igor"]
[Result "1-0"]
[WhiteElo "2455"]
[BlackElo "2500"]
[Annotator "Belov,I"]
[PlyCount "99"]
[EventDate "1995.04.??"]
[EventType "tourn"]
[EventRounds "11"]
[EventCountry "RUS"]
[EventCategory "8"]
[SourceTitle "CBM 047 Extra"]
[Source "ChessBase"]
[SourceDate "1995.09.01"]
[SourceVersion "1"]
[SourceVersionDate "1995.09.01"]
[SourceQuality "1"]

1. e4 e6 2. d4 d5 3. e5 c5 4. c3 Nc6 5. Nf3 Qb6 6. a3 c4 7. Nbd2 Na5 8. Be2 Bd7
9. O-O Ne7 10. Rb1 {Zaitsev} h6 (10... Qc7 11. Ng5 h6 12. Nh3 O-O-O 13. Nf4 Kb8
14. Nh5 Ka8 15. g4 Nc8 16. f4 Nb6 17. Qe1 $14 {Zaitsev,I-Vasiukov,E/URS(ch)/
1969/0,5/49/}) (10... Bb5 11. Ne1 Nb3 12. Nxb3 Ba4 13. Be3 Bxb3 14. Qd2 Nc6 15.
g3 Na5 16. Ng2 Ba4 17. Bh5 $14 {Sveshnikov,E-Ivkov,B/Sochi/1983/1:0/56/}) (
10... Rc8 11. g3 h6 12. Nh4 Bb5 13. Ra1 Nb3 14. Nxb3 Ba4 15. Be3 Qxb3 16. Qd2
Rc6 $1 17. Bd1 Qb5 18. Bg4 $14 {Sveshnikov,E-Gofstein,L/Rostov/1976/1:0/43/})
11. Qc2 $5 $146 (11. g3 O-O-O 12. Nh4 f5 13. exf6 gxf6 14. Bg4 e5 15. b3 cxb3
16. Nxb3 f5 17. Bh3 Ba4 18. Nxa5 Bxd1 19. Rxb6 axb6 20. Rxd1 bxa5 21. dxe5 $44
{Zaitsev,I-Farago,I/Szolnok/1975/1:0/46/}) (11. Re1 $5 {Sveshnikov}) 11...
O-O-O (11... Nb3 12. Nxb3 Ba4 13. Nfd2 (13. Be3 Bxb3 14. Qd2 $14) 13... Bxb3
14. Nxb3 cxb3 15. Qd3 Rc8 16. Qf3 $14) 12. b3 cxb3 13. Nxb3 Ba4 14. Nfd2 Nec6 (
14... Qc7 $5 15. Qa2 Nxb3 16. Nxb3 Nf5 $14) 15. Qa2 Nxb3 16. Nxb3 Qc7 17. Be3
Kb8 (17... Na5 $6 18. Nxa5 Qxa5 19. c4 $16) 18. Nd2 f6 (18... Na5 $140 19. c4
dxc4 20. Nxc4 Nxc4 21. Bxc4 Bc6 $10) 19. f4 Be7 20. exf6 gxf6 $6 (20... Bxf6
21. Nf3 Rhf8 $14) 21. c4 $1 $16 Ka8 (21... dxc4 22. Qxc4 Qa5 23. Bf3 Ka8 24.
Qxe6 $16) 22. Bf3 Bd6 (22... dxc4 23. Qxc4 Qa5 24. Qxe6 Rhe8 25. Nc4 Qc7 26.
Qf7 $16) 23. cxd5 exd5 24. Bxd5 Rhe8 25. Nc4 Rb8 26. Rfc1 $6 (26. Qd2 $16)
26... Bxf4 27. Bxf4 Qxf4 28. Kh1 Red8 $6 (28... Ne7 29. Na5 (29. Bf3 Bc6) 29...
Nxd5 30. Qxd5 Red8 31. Qe6 Qxd4 $13) 29. Nb2 Qxd4 30. Bc4 Ne5 (30... b5 31. Bf1
Ne5 32. Nxa4 bxa4 33. g3 a5 34. Bg2+ Ka7 35. Rc7+ $18) 31. Nxa4 Ng4 32. h3 $1 (
32. Rf1 Qe5 33. g3 Qe4+ 34. Kg1 (34. Qg2 Qxg2+ 35. Kxg2 Ne3+ $10) 34... Qd4+ (
34... Qe3+ 35. Rf2) 35. Kh1 Qe4+ $10) 32... Nf2+ 33. Kh2 Qf4+ 34. g3 (34. Kg1
Nxh3+ 35. Kh1 (35. gxh3 Rd2 36. Qxd2 Qxd2 37. Bf1 Rg8+ 38. Kh1 Qd5+ 39. Kh2
Qe5+ 40. Kh1 Qe4+ $19) 35... Nf2+ 36. Kg1 Nh3+ $10) 34... Ng4+ $5 35. hxg4 (35.
Kh1 $1 Qe4+ 36. Qg2 Nf2+ 37. Kh2 $18) 35... Rd2+ 36. Kh3 $1 Qf2 37. Qxd2 $8
Qxd2 38. Rd1 Qa5 39. Bd5 $1 $18 a6 (39... Qxa4 40. Bxb7+ Rxb7 41. Rd8+ Rb8 42.
Rbxb8#) 40. Nb6+ Ka7 41. Nc8+ Ka8 (41... Rxc8 42. Rxb7+ Ka8 43. Rb5+ $18) 42.
Nb6+ Ka7 43. Nd7 b5 (43... Rd8 44. Rxb7+ Ka8 45. Nb6+ $18) 44. Nxb8 Kxb8 45.
Rbc1 Qxa3 46. Rc6 $1 Qa4 47. Re1 Qd4 48. Re8+ Ka7 49. Re7+ Kb8 50. Rd6 1-0

[Event "Furman Memorial"]
[Site "St Petersburg"]
[Date "1995.??.??"]
[Round "2"]
[White "Levitina, Irina S"]
[Black "Zaitsev, Igor A"]
[Result "0-1"]
[WhiteElo "2420"]
[BlackElo "2470"]
[PlyCount "54"]
[EventDate "1995.11.??"]
[EventType "tourn"]
[EventRounds "9"]
[EventCountry "RUS"]
[EventCategory "9"]
[SourceTitle "CBM 050 Extra"]
[Source "ChessBase"]
[SourceDate "1996.03.01"]
[SourceVersion "1"]
[SourceVersionDate "1996.03.01"]
[SourceQuality "1"]

1. d4 Nf6 2. Nf3 g6 3. Bg5 Bg7 4. Nbd2 d6 5. c3 Nc6 6. e4 h6 7. Bh4 O-O 8. d5
Nb8 9. Bc4 c6 10. O-O Nbd7 11. Re1 cxd5 12. exd5 g5 13. Bg3 Nb6 14. Qb3 Bd7 15.
a4 a5 16. Nd4 Rc8 17. Be2 Nfxd5 18. Bf3 Bxd4 19. cxd4 Bc6 20. h4 Qd7 21. hxg5
hxg5 22. Nc4 Nxc4 23. Qxc4 Nb4 24. Bxc6 bxc6 25. Qe2 Nd5 26. Qh5 Qf5 27. Rac1
Kg7 0-1

[Event "Moscow GM1"]
[Site "Moscow"]
[Date "1996.??.??"]
[Round "?"]
[White "Genba, Vladimir"]
[Black "Zaitsev, Igor A"]
[Result "0-1"]
[WhiteElo "2380"]
[BlackElo "2460"]
[PlyCount "106"]
[EventDate "1996.??.??"]
[EventType "tourn"]
[EventRounds "11"]
[EventCountry "RUS"]
[EventCategory "8"]
[SourceTitle "EXT 2000"]
[Source "ChessBase"]
[SourceDate "1999.11.16"]
[SourceVersion "1"]
[SourceVersionDate "1999.11.16"]
[SourceQuality "1"]

1. e4 e5 2. Nf3 Nc6 3. c3 Nf6 4. d4 d6 5. h3 Bd7 6. d5 Ne7 7. Bd3 g6 8. c4 Bg7
9. Nc3 O-O 10. O-O Nh5 11. Re1 f5 12. exf5 Nxf5 13. Bxf5 gxf5 14. Nxe5 Bxe5 15.
Qxh5 f4 16. Qf3 Rf7 17. Bd2 Qh4 18. Ne2 Raf8 19. Bc3 Rg7 20. Kf1 Rg3 21. Nxg3
fxg3 22. Re4 Qh6 23. Rg4+ Bxg4 24. Qxg4+ Qg6 25. Qxg6+ hxg6 26. f3 Bxc3 27.
bxc3 Rf4 28. Ke2 Rxc4 29. Kd3 Ra4 30. a3 Kf7 31. Kc2 Ra5 32. c4 Rc5 33. Kd3 b5
34. cxb5 Rxd5+ 35. Ke3 Rxb5 36. Kf4 c5 37. Kxg3 Rb2 38. f4 c4 39. Kf3 d5 40. g4
Rb3+ 41. Kf2 Rxh3 42. Rb1 Rxa3 43. Rb7+ Ke6 44. Rg7 Kf6 45. Rd7 Rd3 46. Rxa7 c3
47. Rc7 d4 48. Rc5 Ke6 49. f5+ gxf5 50. gxf5+ Kf6 51. Ke2 Rd2+ 52. Ke1 Kg5 53.
Rd5 d3 0-1

[Event "Moscow GM1"]
[Site "Moscow"]
[Date "1996.??.??"]
[Round "?"]
[White "Zaitsev, Igor A"]
[Black "Drozdov, Igor"]
[Result "1-0"]
[WhiteElo "2460"]
[BlackElo "2455"]
[PlyCount "63"]
[EventDate "1996.??.??"]
[EventType "tourn"]
[EventRounds "11"]
[EventCountry "RUS"]
[EventCategory "8"]
[SourceTitle "EXT 2000"]
[Source "ChessBase"]
[SourceDate "1999.11.16"]
[SourceVersion "1"]
[SourceVersionDate "1999.11.16"]
[SourceQuality "1"]

1. e4 c6 2. d4 d5 3. e5 Bf5 4. Nf3 e6 5. c4 Bxb1 6. Rxb1 dxc4 7. Bxc4 Nd7 8.
O-O Nb6 9. Bb3 h6 10. Be3 Ne7 11. Nd2 Nf5 12. Ne4 h5 13. Qd3 Be7 14. Rbd1 Nd5
15. Nc3 g6 16. Nxd5 cxd5 17. Ba4+ Kf8 18. Qb5 Qb6 19. Rc1 Qxb5 20. Bxb5 Bd8 21.
Bd3 Ne7 22. Rfd1 Bb6 23. Bg5 Nc6 24. Bf6 Rg8 25. Ba6 Nxd4 26. Bxb7 Rb8 27. Ba6
Ke8 28. a4 Kd7 29. a5 Bxa5 30. Rxd4 Rxb2 31. Ra4 Bd2 32. Bb5+ 1-0

[Event "Moscow GM2"]
[Site "Moscow"]
[Date "1996.??.??"]
[Round "?"]
[White "Pogorelov, Ruslan"]
[Black "Zaitsev, Igor A"]
[Result "0-1"]
[WhiteElo "2440"]
[BlackElo "2460"]
[PlyCount "78"]
[EventDate "1996.??.??"]
[EventType "tourn"]
[EventRounds "13"]
[EventCountry "RUS"]
[EventCategory "8"]
[SourceTitle "EXT 2000"]
[Source "ChessBase"]
[SourceDate "1999.11.16"]
[SourceVersion "1"]
[SourceVersionDate "1999.11.16"]
[SourceQuality "1"]

1. Nf3 Nf6 2. c4 d6 3. d4 Na6 4. Nc3 Bf5 5. Nh4 Bd7 6. e4 e5 7. Nf3 Bc6 8. d5
Bd7 9. Nd2 g6 10. Rb1 Bg7 11. b4 O-O 12. Be2 Ne8 13. O-O f5 14. Ba3 Nb8 15. c5
a6 16. Qb3 Kh8 17. b5 axb5 18. Nxb5 Bxb5 19. Bxb5 Nd7 20. c6 bxc6 21. Bxc6 Ra7
22. Bb4 Nef6 23. exf5 gxf5 24. f4 exf4 25. Bxd7 Nxd7 26. Rxf4 Qa8 27. Bc3 Rxa2
28. Bxg7+ Kxg7 29. Qc3+ Ne5 30. Qxc7+ Rf7 31. Qxd6 Qa7+ 32. Kh1 Ng6 33. Nc4 Rf6
34. Qd8 Nxf4 35. Nd6 Rf8 36. Qg5+ Ng6 37. Nxf5+ Kh8 38. h4 Ra1 39. Rxa1 Qxa1+
0-1

[Event "Moscow GM2"]
[Site "Moscow"]
[Date "1996.??.??"]
[Round "?"]
[White "Zaitsev, Igor A"]
[Black "Dragomarezkij, Evgeni"]
[Result "1-0"]
[WhiteElo "2460"]
[BlackElo "2455"]
[PlyCount "79"]
[EventDate "1996.??.??"]
[EventType "tourn"]
[EventRounds "13"]
[EventCountry "RUS"]
[EventCategory "8"]
[SourceTitle "EXT 2000"]
[Source "ChessBase"]
[SourceDate "1999.11.16"]
[SourceVersion "1"]
[SourceVersionDate "1999.11.16"]
[SourceQuality "1"]

1. e4 c5 2. Nf3 d6 3. d4 cxd4 4. Qxd4 Nc6 5. Bb5 Bd7 6. Bxc6 bxc6 7. c4 Qb6 8.
Qd3 g6 9. Nc3 Bg7 10. O-O Nf6 11. b3 O-O 12. Bb2 Rad8 13. Rad1 c5 14. Rfe1 a5
15. Ba1 Rfe8 16. h3 a4 17. bxa4 Qa5 18. Nb5 Qxa4 19. Nc7 Rf8 20. e5 dxe5 21.
Bxe5 Rc8 22. Nd5 Nxd5 23. Bxg7 Kxg7 24. cxd5 Rfe8 25. Qc3+ f6 26. a3 c4 27. Rb1
Qa7 28. Ng5 Rc5 29. Qd4 Rc7 30. Rb6 Qxa3 31. d6 e5 32. Qd5 Ra7 33. Qf7+ Kh6 34.
Qxf6 Bf5 35. Nf7+ Rxf7 36. Qxf7 Qa5 37. Qxe8 Qxe1+ 38. Kh2 Qxf2 39. Qf8+ Kg5
40. Qe7+ 1-0

[Event "Moscow GM2"]
[Site "Moscow"]
[Date "1996.??.??"]
[Round "?"]
[White "Zaitsev, Igor A"]
[Black "Guliev, Logman"]
[Result "1-0"]
[WhiteElo "2460"]
[BlackElo "2350"]
[PlyCount "75"]
[EventDate "1996.??.??"]
[EventType "tourn"]
[EventRounds "13"]
[EventCountry "RUS"]
[EventCategory "8"]
[SourceTitle "EXT 2000"]
[Source "ChessBase"]
[SourceDate "1999.11.16"]
[SourceVersion "1"]
[SourceVersionDate "1999.11.16"]
[SourceQuality "1"]

1. e4 c5 2. Nf3 d6 3. d4 cxd4 4. Nxd4 Nf6 5. Nc3 a6 6. f4 e5 7. Nb3 Be7 8. Be2
O-O 9. O-O b5 10. a3 Bb7 11. Bf3 Nbd7 12. Be3 Rc8 13. Qe1 Nb6 14. Na5 Ba8 15.
Rd1 Qc7 16. fxe5 dxe5 17. Bf2 Na4 18. Nxa4 bxa4 19. Rc1 Bd8 20. b4 axb3 21.
Nxb3 Be7 22. c4 Bxa3 23. Ra1 Be7 24. c5 Rb8 25. Qe3 Rb4 26. Rxa6 Bxe4 27. Rxf6
Bxf6 28. Bxe4 Bg5 29. Qxg5 Rxe4 30. Nd2 Re2 31. Nc4 f5 32. Qg3 f4 33. Qd3 Ra2
34. Nxe5 Kh8 35. Qd6 Qc8 36. c6 Rc2 37. Qd3 Ra2 38. Qd5 1-0